000 00688nam a2200193 a 4500
001 52266
005 20180714042041.0
008 140415s1976 ja 000 0 eng d
020 _a0070106819
041 _aeng
082 _a519.5
_bCHA
100 1 _aCHASE, CLINTON I.
245 1 0 _aELEMENTARY STATISTICAL PROCEDURES
250 _a2a ed.
260 _aJAPON :
_bMCGRAW HILL INC.,
_c1976
300 _a1070
_c14.6 x 1.4 x 19.9
520 _aTHE SECOND EDITION OF ELEMENTARY STATISTICAL PROCEDURES IS TIED TO THE SAME OBJECTIVES AS THE FIRST EDITION; HOWEVER, A NUMBER OF WAYS IN WHICH THESE OBJECTIVES ARE TO BE PURSUED HAVE BEEN ALTERED.
650 1 4 _aESTADISTICA
999 _c52266
_d52266